00673nam a2200229 a 4500001001300000003000900013005001700022008004100039020001000080082001500090245003400105260004800139300000800187500003500195505001200230650002200242710003400264902000800298942000700306952011500313999001500428nice12345678IN_TiNIC20260116011833.0050524s1908 laha grp 000 0 urd  ac10000a269.2bPRB aMizan-Ud-Din Ya Dharam Tulla. aLahorebPunjab Religious Booksociety c1908 a48p aincludes index and biblioraphy2 aReserve aEvangelistic Work2 aPunjab Religious Book Society bSRS cBK 001040708StackRoom-aHMIbHMId2007-07-16g100.00l0o269.2 PRBp07409r2007-07-16v100.00w2005-05-24yBK c4334d4334